| 000 | 00672nam a22001817a 4500 | ||
|---|---|---|---|
| 008 | 160921b xxu||||| |||| 00| 0 eng d | ||
| 050 | _aBR50.C557 | ||
| 100 |
_aSundkler, Bengt _926105 |
||
| 245 |
_aThe Church crossing frontiers _b:essays on the nature of mission _c/edited by Bengt Sundkler, Peter Beyerhaus and Carl F. Hallencreutz |
||
| 260 |
_aUppsala _bGleerup _c1969 |
||
| 300 |
_axx,282p.; _c23cm. |
||
| 440 |
_aStudia missionalia upsaliensia _nno.11 _926050 |
||
| 650 |
_aSundkler, Bengt _xBibliography _926051 |
||
| 650 |
_aTheology _926052 |
||
| 700 |
_aBeyerhaus, Peter (ed.) _926106 |
||
| 700 |
_aHallencreutz, Carl F. (ed.) _926107 |
||
| 942 |
_2lcc _cMONOGRAPH |
||
| 999 |
_c125309 _d125309 |
||